Principles of international criminal law / (Record no. 17999)
[ view plain ]
| 000 -LEADER | |
|---|---|
| fixed length control field | 00972 am a2200301 a 4500 |
| 001 - CONTROL NUMBER | |
| control field | 013211688 |
| 003 - CONTROL NUMBER IDENTIFIER | |
| control field | OSt |
| 005 - DATE AND TIME OF LATEST TRANSACTION | |
| control field | 20190922120146.0 |
| 008 - FIXED-LENGTH DATA ELEMENTS--GENERAL INFORMATION | |
| fixed length control field | 050601t2005 ne gr 001 0 eng d |
| 020 ## - INTERNATIONAL STANDARD BOOK NUMBER | |
| International Standard Book Number | 9789067041966 |
| 020 ## - INTERNATIONAL STANDARD BOOK NUMBER | |
| International Standard Book Number | 9067041963 |
| 020 ## - INTERNATIONAL STANDARD BOOK NUMBER | |
| International Standard Book Number | 9789067042024 (pbk.) |
| 020 ## - INTERNATIONAL STANDARD BOOK NUMBER | |
| International Standard Book Number | 9067042021 (pbk.) |
| 040 ## - CATALOGING SOURCE | |
| Original cataloging agency | Uk |
| Language of cataloging | eng |
| Transcribing agency | Uk |
| 082 04 - DEWEY DECIMAL CLASSIFICATION NUMBER | |
| Classification number | 345 |
| Item number | WER |
| Edition number | 22 |
| 100 1# - MAIN ENTRY--PERSONAL NAME | |
| Personal name | Werle, Gerhard |
| 9 (RLIN) | 34997 |
| 245 10 - TITLE STATEMENT | |
| Title | Principles of international criminal law / |
| Statement of responsibility, etc | by Gerhard Werle, in cooperation with Florian Jessberger ... [et al.] |
| 260 ## - PUBLICATION, DISTRIBUTION, ETC. (IMPRINT) | |
| Place of publication, distribution, etc | The Hague, Netherlands : |
| Name of publisher, distributor, etc | T. M. C. Asser Press, |
| Date of publication, distribution, etc | c.2005. |
| 300 ## - PHYSICAL DESCRIPTION | |
| Extent | xxii, 485 p. ; |
| Dimensions | 25 cm. |
| 500 ## - GENERAL NOTE | |
| General note | Includes appendix. |
| 500 ## - GENERAL NOTE | |
| General note | Includes index. |
| 650 #0 - SUBJECT ADDED ENTRY--TOPICAL TERM | |
| Topical term or geographic name as entry element | Criminal procedure (International law) |
| 9 (RLIN) | 34998 |
| Source of heading or term | BUEsh |
| 650 #0 - SUBJECT ADDED ENTRY--TOPICAL TERM | |
| Topical term or geographic name as entry element | Criminal law |
| General subdivision | International unification |
| 9 (RLIN) | 34999 |
| Source of heading or term | BUEsh |
| 651 ## - SUBJECT ADDED ENTRY--GEOGRAPHIC NAME | |
| Source of heading or term | BUEsh |
| 653 ## - INDEX TERM--UNCONTROLLED | |
| Arrived date list | January2014 |
| 700 1# - ADDED ENTRY--PERSONAL NAME | |
| 9 (RLIN) | 35000 |
| Personal name | Jessberger, Florian |
| 942 ## - ADDED ENTRY ELEMENTS (KOHA) | |
| Source of classification or shelving scheme | Dewey Decimal Classification |
| Call number prefix | 341.77 WER |
| Withdrawn status | Item status | Source of classification or shelving scheme | Damaged status | Not for loan | Vendor | Home library | Current library | Shelving location | Date acquired | Source of acquisition | Total Checkouts | Full call number | Barcode | Date last seen | Date last borrowed | Koha item type | Total Renewals |
|---|---|---|---|---|---|---|---|---|---|---|---|---|---|---|---|---|---|
| Dewey Decimal Classification | Donation-Gift | Central Library | Central Library | First floor | 30/01/2014 | Donation | 3 | 345 WER | 000035548 | 15/07/2025 | 10/01/2019 | Book - Borrowing | |||||
| Dewey Decimal Classification | Donation-Gift | Central Library | Central Library | First floor | 30/01/2014 | Donation | 2 | 345 WER | 000035549 | 15/07/2025 | 23/09/2018 | Book - Borrowing | 4 | ||||
| Dewey Decimal Classification | Donation-Gift | Central Library | Central Library | First floor | 30/01/2014 | Donation | 1 | 345 WER | 000035550 | 15/07/2025 | 31/01/2017 | Book - Borrowing | 5 | ||||
| Dewey Decimal Classification | Donation-Gift | Central Library | Central Library | First floor | 30/01/2014 | Donation | 345 WER | 000035551 | 15/07/2025 | Book - Borrowing | |||||||
| Dewey Decimal Classification | Donation-Gift | Central Library | Central Library | First floor | 30/01/2014 | Donation | 345 WER | 000035552 | 15/07/2025 | Book - Borrowing | |||||||
| Dewey Decimal Classification | Donation-Gift | Central Library | Central Library | First floor | 30/01/2014 | Donation | 1 | 345 WER | 000035553 | 15/07/2025 | 25/07/2017 | Book - Borrowing | 3 |